| 000 | 00390 a2200121 4500 | ||
|---|---|---|---|
| 001 | ART_10103 | ||
| 005 | 20260410161612.0 | ||
| 008 | 260409a | ||
| 245 | 1 | 0 | _aConvertir la incertidumbre en oportunidad |
| 100 | 1 | _aCoatsworth, John H. | |
| 700 | 1 | _aAustin, James | |
| 773 | 0 |
_tHarvard Business Review _g¿Quién fija la estrategia? - Vol. 85, Nº 2 (feb. 2007) _wREV340 |
|
| 999 |
_c10765 _d10765 |
||